000 004760000a22001570004500
003 LK-CoMWRAF
008 230817t ||||| |||| 00| 0 eng d
040 _aLK-CoMWRAF
_dLK-CoMWRAF
_eLK-CoMWRAF
041 _aeng
082 _a410
_bEDU
245 _aEducation & Socio-Economic Development of Sri Lanka
_b
260 _bSri Lanka Foudation Institute
_aSri Lanka (Colombo 07)
_c1977
300 _ap.231
490 _aSri Lanka Foundation Institute Pocket Book - 01
942 _cBK
999 _c1767
_d1767